Logo BPK

Biblioteka

Politechniki Koszalińskiej

Przewodnik do oznaczania zbiorowisk roślinnych Polski / (Rekord nr 40274)

Szczegóły MARC
000 -ETYKIETA REKORDU
podpole kontrolne o stałej długości 00916nam a2200277 i 4500
001 - NUMER KONTROLNY REKORDU
pole kontrolne bg
020 ## - MIĘDZYNARODOWY ZNORMALIZOWANY NUMER KSIĄŻKI - ISBN
ISBN 8301135204
040 ## - ŹRÓDŁO KATALOGOWANIA
Instytucja, która utworzyła rekord BPK
041 0# - KOD JĘZYKA
Kod języka tekstu pl
080 ## - UNIWERSALNA KLASYFIKACJA DZIESIĘTNA - UKD
UKD 581.5:582](438)(075.8)
920 ## - Międzynarodowy znormalizowany numer książki – ISBN
ISBN 83-01-13520-4
008 - POLE O STAŁEJ DŁUGOŚCI - DANE KONTROLNE
podpole kontrolne o stałej długości s pl f |000 0 pol
100 1# - NAZWA OSOBOWA
Nazwa osobowa MATUSZKIEWICZ, Władysław
Daty związane z nazwą (1921- )
245 10 - TYTUŁ/ODPOWIEDZIALNOŚĆ
Tytuł Przewodnik do oznaczania zbiorowisk roślinnych Polski /
Pozostałe elementy strefy tytułu i oznaczenia odpowiedzialności Władysław Matuszkiewicz.
250 ## - STREFA WYDANIA
Oznaczenie wydania Wyd. nowe (3 zm. i uzup.).
260 ## - STREFA ADRESU WYDAWNICZEGO
Miejsce wydania Warszawa :
Nazwa wydawcy/dystrybutora Wydaw. Naukowe PWN,
Data publikacji, dystrybucji/powstania dokumentu 2001.
300 ## - STREFA OPISU FIZYCZNEGO
Objętość 536, [4] s. :
Inne cechy fizyczne mapy ;
Rozmiary 21 cm.
490 1# - STREFA SERII I DOKUMENTU WIELOCZĘŚCIOWEGO - FORMA NIE DO WYSZUKIWANIA
Tytuł i oznaczenie odpowiedzialności serii Vademecum Geobotanicum ;
Numeracja w obrębie serii 3
504 ## - UWAGA DOTYCZĄCA BIBLIOGRAFII
Informacje o bibliografii Wskazówki bibliogr. - Indeksy.
650 #9 - HASŁO PRZEDMIOTOWE W FORMIE NAZWY OGÓLNEJ LUB JEDNOSTKOWEJ
Nazwa ogólna lub geograficzna Rośliny
Określnik ogólny socjologia
650 #9 - HASŁO PRZEDMIOTOWE W FORMIE NAZWY OGÓLNEJ LUB JEDNOSTKOWEJ
Nazwa ogólna lub geograficzna Rośliny
Określnik ogólny systematyka
Określnik geograficzny Polska
655 ## - TERMIN INDEKSOWY - OKREŚLENIE RODZAJU/FORMY DOKUMENTU
Określenie rodzaju/formy dokumentu Podręczniki akademickie
830 ## - HASŁO DODATKOWE SERII LUB DOKUMENTU WIELOCZĘŚCIOWEGO - TYTUŁ UJEDNOLICONY
Tytuł ujednolicony Vademecum Geobotanicum ;
856 ## - LOKALIZACJA I DOSTĘP DO ELEKTRONICZNYCH DOKUMENTÓW ZDALNYCH
Link (URL) http://koha.tu.koszalin.pl/cgi-bin/koha/opac-detail.pl?biblionumber=40274
Tekst linku Katalog online BPK
942 ## - DODATKOWE ELEMENTY (KOHA)
Typ dokumentu Książka
Egzemplarze
Wycofany Status egzemplarza Uszkodzony Dostępność Lokalizacja stała Lokalizacja bieżąca Miejsce przechowywania Sygnatura Kod kreskowy Dział Typ dokumentu Numer ubytku Status: wypożyczony Ostatnio wypożyczono
      Tylko na miejscu Biblioteka Politechniki Koszalińskiej Biblioteka Politechniki Koszalińskiej Czytelnia BG 60663 01611236 58 Botanika Książka      
  Egz. niedostępny   Niedostępny Biblioteka Politechniki Koszalińskiej Biblioteka Politechniki Koszalińskiej   60664 01611229   Książka 14785    
      Dostępny Biblioteka Politechniki Koszalińskiej Biblioteka Politechniki Koszalińskiej Wypożyczalnia BG 60665 01611212   Książka   15.04.2027 15.04.2026
      Dostępny Biblioteka Politechniki Koszalińskiej Biblioteka Politechniki Koszalińskiej Wypożyczalnia BG 60666 01611205   Książka      
© 2023 Biblioteka Politechniki Koszalińskiej :: KOHA